[Event "DVM U16 2015"]
[Site "Lingen (Ems) GER"]
[Date "2015.12.30"]
[Round "7"]
[White "Ovsepyan, Arshak"]
[Black "Fieberg, Samuel"]
[Result "1-0"]
[Termination "normal"]
[Board "1.1"]
[WhiteElo "2138"]
[BlackElo "2226"]
[WhiteClock "00:02:15"]
[BlackClock "00:10:36"]
[WhiteTeam "SK Gräfelfing"]
[BlackTeam "SG Porz"]
[PlyCount "120"]
[WhiteFideId "24690236"]
[BlackFideId "12901717"]
[EventCountry "GER"]
[EventRounds "7"]
[EventType "team-swiss"]
[EventDate "2015.12.26"]

1. e4 {[%clk 1:30:55]} c5 {[%clk 1:30:56]} 2. d4 {[%clk 1:31:17]} cxd4 {[%clk
1:29:51]} 3. c3 {[%clk 1:31:33]} Nf6 {[%clk 1:30:08]} 4. e5 {[%clk 1:27:28]}
Nd5 {[%clk 1:30:33]} 5. cxd4 {[%clk 1:27:49]} Nc6 {[%clk 1:30:29]} 6. Nf3
{[%clk 1:27:21]} d6 {[%clk 1:30:28]} 7. Bc4 {[%clk 1:22:28]} Nb6 {[%clk
1:30:44]} 8. Bb5 {[%clk 1:22:40]} dxe5 {[%clk 1:30:59]} 9. Nxe5 {[%clk
1:20:29]} Bd7 {[%clk 1:31:20]} 10. Bxc6 {[%clk 1:13:22]} Bxc6 {[%clk 1:31:28]}
11. Nxc6 {[%clk 1:12:45]} bxc6 {[%clk 1:31:52]} 12. O-O {[%clk 1:13:12]} e6
{[%clk 1:32:08]} 13. Nc3 {[%clk 1:03:07]} Be7 {[%clk 1:31:14]} 14. Be3 {[%clk
1:00:31]} O-O {[%clk 1:31:32]} 15. Rc1 {[%clk 1:00:40]} Rc8 {[%clk 1:31:57]}
16. Qe2 {[%clk 0:59:13]} Nd5 {[%clk 1:26:13]} 17. Rfd1 {[%clk 0:51:09]} Qa5
{[%clk 1:25:31]} 18. a3 {[%clk 0:46:41]} Rfd8 {[%clk 1:23:58]} 19. Rd3 {[%clk
0:33:00]} Nb6 {[%clk 1:16:16]} 20. b4 {[%clk 0:28:04]} Qf5 {[%clk 1:15:20]} 21.
Rd2 {[%clk 0:27:22]} Nd5 {[%clk 1:03:39]} 22. Rdc2 {[%clk 0:24:07]} Nxe3 {[%clk
0:58:32]} 23. fxe3 {[%clk 0:23:00]} a5 {[%clk 0:58:41]} 24. Qc4 {[%clk
0:18:26]} axb4 {[%clk 0:57:37]} 25. axb4 {[%clk 0:18:54]} Rb8 {[%clk 0:49:37]}
26. Rb2 {[%clk 0:15:05]} c5 {[%clk 0:46:40]} 27. Rf2 {[%clk 0:14:49]} Qg5
{[%clk 0:45:21]} 28. dxc5 {[%clk 0:06:26]} Qxe3 {[%clk 0:45:31]} 29. Ne2 {[%clk
0:06:52]} Rd2 {[%clk 0:41:28]} 30. Qf4 {[%clk 0:04:17]} Qxf4 {[%clk 0:40:19]}
31. Nxf4 {[%clk 0:04:45]} Rxf2 {[%clk 0:40:02]} 32. Kxf2 {[%clk 0:05:14]} Rxb4
{[%clk 0:39:51]} 33. Nd3 {[%clk 0:04:50]} Rb8 {[%clk 0:36:38]} 34. Kf3 {[%clk
0:02:58]} Kf8 {[%clk 0:34:38]} 35. Ke4 {[%clk 0:03:10]} Ke8 {[%clk 0:34:18]}
36. Kd4 {[%clk 0:02:46]} Bf6+ {[%clk 0:34:28]} 37. Kc4 {[%clk 0:03:12]} Rd8
{[%clk 0:25:54]} 38. Nb4 {[%clk 0:00:47]} Rd4+ {[%clk 0:25:25]} 39. Kb5 {[%clk
0:01:11]} Kd7 {[%clk 0:25:23]} 40. Rc2 {[%clk 0:00:51]} Rd1 {[%clk 0:15:54]}
41. Ra2 {[%clk 0:19:01]} Rb1 {[%clk 0:43:34]} 42. Ra7+ {[%clk 0:18:33]} Kc8
{[%clk 0:43:39]} 43. Rxf7 {[%clk 0:18:30]} e5 {[%clk 0:36:45]} 44. Kc4 {[%clk
0:14:14]} Rc1+ {[%clk 0:33:15]} 45. Kd5 {[%clk 0:13:26]} e4 {[%clk 0:27:52]}
46. Kc6 {[%clk 0:12:11]} Kd8 {[%clk 0:25:03]} 47. Nd5 {[%clk 0:08:19]} Ke8
{[%clk 0:25:17]} 48. Rb7 {[%clk 0:05:44]} e3 {[%clk 0:22:09]} 49. Nxf6+ {[%clk
0:02:11]} gxf6 {[%clk 0:22:28]} 50. Rb3 {[%clk 0:02:38]} Re1 {[%clk 0:21:30]}
51. Kc7 {[%clk 0:02:54]} Kf7 {[%clk 0:21:41]} 52. c6 {[%clk 0:03:17]} e2 {[%clk
0:21:45]} 53. Rb2 {[%clk 0:03:40]} Ke6 {[%clk 0:20:07]} 54. Kb7 {[%clk
0:02:22]} Kd6 {[%clk 0:17:50]} 55. c7 {[%clk 0:02:08]} Rd1 {[%clk 0:12:46]} 56.
Rxe2 {[%clk 0:02:05]} Rb1+ {[%clk 0:13:09]} 57. Kc8 {[%clk 0:02:29]} Rd1 {[%clk
0:11:50]} 58. Rb2 {[%clk 0:02:24]} Rc1 {[%clk 0:11:07]} 59. Kd8 {[%clk
0:01:52]} Rxc7 {[%clk 0:10:36]} 60. Rd2+ {[%clk 0:02:15]} Kd5 1-0

[Event "DVM U16 2015"]
[Site "Lingen (Ems) GER"]
[Date "2015.12.30"]
[Round "7"]
[White "Ramien, David"]
[Black "von Schlippe, Nikolai"]
[Result "0-1"]
[Termination "normal"]
[Board "1.2"]
[WhiteElo "2140"]
[BlackElo "1970"]
[WhiteClock "00:29:11"]
[BlackClock "00:40:24"]
[WhiteTeam "SG Porz"]
[BlackTeam "SK Gräfelfing"]
[PlyCount "103"]
[WhiteFideId "12948241"]
[BlackFideId "12928135"]
[EventCountry "GER"]
[EventRounds "7"]
[EventType "team-swiss"]
[EventDate "2015.12.26"]

1. e4 {[%clk 1:30:56]} b6 {[%clk 1:28:41]} 2. d4 {[%clk 1:27:37]} Bb7 {[%clk
1:28:23]} 3. Nd2 {[%clk 1:25:17]} d6 {[%clk 1:25:53]} 4. Ngf3 {[%clk 1:25:07]}
g6 {[%clk 1:25:52]} 5. Bd3 {[%clk 1:24:58]} Bg7 {[%clk 1:26:10]} 6. O-O {[%clk
1:25:10]} e5 {[%clk 1:25:57]} 7. c3 {[%clk 1:24:18]} Ne7 {[%clk 1:25:59]} 8.
Qe2 {[%clk 1:12:52]} O-O {[%clk 1:25:29]} 9. a4 {[%clk 1:10:57]} a5 {[%clk
1:19:02]} 10. Nc4 {[%clk 1:07:23]} Nbc6 {[%clk 1:17:33]} 11. dxe5 {[%clk
0:53:51]} Nxe5 {[%clk 1:14:40]} 12. Nfxe5 {[%clk 0:53:22]} dxe5 {[%clk
1:14:50]} 13. f4 {[%clk 0:49:26]} exf4 14. Bxf4 {[%clk 0:49:23]} Nc6 {[%clk
1:13:22]} 15. Qe3 {[%clk 0:44:18]} Qe7 {[%clk 1:11:03]} 16. Qg3 {[%clk
0:44:15]} Rad8 {[%clk 1:06:20]} 17. Rad1 {[%clk 0:42:44]} Ba6 {[%clk 1:04:33]}
18. Kh1 {[%clk 0:34:17]} Qe6 {[%clk 0:53:59]} 19. Ne5 {[%clk 0:28:06]} Bxd3
{[%clk 0:45:33]} 20. Nxd3 {[%clk 0:28:25]} Qxe4 {[%clk 0:45:30]} 21. Bxc7
{[%clk 0:28:08]} Rd7 {[%clk 0:44:56]} 22. Bxb6 {[%clk 0:26:39]} Qxa4 {[%clk
0:43:24]} 23. Qf3 {[%clk 0:21:35]} Qb5 {[%clk 0:41:12]} 24. Qe3 {[%clk
0:20:22]} Rb8 {[%clk 0:31:03]} 25. Qh3 {[%clk 0:14:49]} Rxd3 {[%clk 0:30:14]}
26. Rxd3 {[%clk 0:14:25]} Qxb6 {[%clk 0:30:32]} 27. Qg3 {[%clk 0:12:12]} Qxb2
{[%clk 0:25:33]} 28. Qc7 {[%clk 0:11:16]} Qb7 {[%clk 0:23:41]} 29. Rd7 {[%clk
0:08:51]} Qxc7 {[%clk 0:22:46]} 30. Rxc7 {[%clk 0:09:20]} Ne5 {[%clk 0:23:04]}
31. Kg1 {[%clk 0:07:35]} Ra8 {[%clk 0:20:39]} 32. Ra1 {[%clk 0:05:06]} a4
{[%clk 0:20:05]} 33. Kf1 {[%clk 0:05:11]} a3 {[%clk 0:19:27]} 34. Ke2 {[%clk
0:05:19]} Ng4 {[%clk 0:17:44]} 35. Kd3 {[%clk 0:02:42]} a2 {[%clk 0:14:41]} 36.
h3 {[%clk 0:01:36]} Nf2+ {[%clk 0:15:00]} 37. Ke3 {[%clk 0:01:05]} Nd1+ {[%clk
0:15:24]} 38. Rxd1 {[%clk 0:01:27]} a1=Q {[%clk 0:15:47]} 39. Rxa1 {[%clk
0:01:53]} Rxa1 {[%clk 0:16:07]} 40. Rc8+ {[%clk 0:02:10]} Bf8 {[%clk 0:16:31]}
41. c4 {[%clk 0:01:51]} Rg1 {[%clk 0:14:26]} 42. Kf3 {[%clk 0:01:41]} Rc1
{[%clk 0:14:47]} 43. Ke4 {[%clk 0:00:49]} Kg7 {[%clk 0:13:44]} 44. Kd5 {[%clk
0:28:30]} Rc2 {[%clk 0:41:57]} 45. g4 {[%clk 0:28:26]} Rc3 {[%clk 0:41:46]} 46.
c5 {[%clk 0:28:12]} Rxc5+ {[%clk 0:38:26]} 47. Rxc5 {[%clk 0:28:38]} Bxc5
{[%clk 0:38:52]} 48. Kxc5 Kf6 {[%clk 0:39:18]} 49. Kd5 {[%clk 0:28:31]} Kg5
{[%clk 0:39:42]} 50. Ke5 {[%clk 0:28:53]} f6+ {[%clk 0:39:59]} 51. Ke4 {[%clk
0:29:11]} Kh4 {[%clk 0:40:24]} 52. Kd4 0-1

[Event "DVM U16 2015"]
[Site "Lingen (Ems) GER"]
[Date "2015.12.30"]
[Round "7"]
[White "Niesel, Tobias"]
[Black "Yaroshenko, Yaroslav"]
[Result "1/2-1/2"]
[Termination "normal"]
[Board "1.4"]
[WhiteElo "1941"]
[BlackElo "1702"]
[WhiteClock "01:01:24"]
[BlackClock "00:16:14"]
[WhiteTeam "SG Porz"]
[BlackTeam "SK Gräfelfing"]
[PlyCount "85"]
[WhiteFideId "12962155"]
[BlackFideId "16204905"]
[EventCountry "GER"]
[EventRounds "7"]
[EventType "team-swiss"]
[EventDate "2015.12.26"]

1. c4 {[%clk 1:30:55]} e5 {[%clk 1:30:56]} 2. g3 {[%clk 1:31:18]} Bc5 {[%clk
1:30:58]} 3. Bg2 {[%clk 1:31:34]} d6 {[%clk 1:31:12]} 4. Nc3 {[%clk 1:31:44]}
Nc6 {[%clk 1:30:36]} 5. e3 {[%clk 1:31:45]} Bf5 {[%clk 1:27:55]} 6. Ne4 {[%clk
1:25:26]} Bb6 {[%clk 1:24:25]} 7. a3 {[%clk 1:25:05]} a5 {[%clk 1:20:17]} 8. b3
{[%clk 1:22:59]} Nf6 {[%clk 1:16:59]} 9. Nxf6+ {[%clk 1:23:23]} Qxf6 {[%clk
1:17:04]} 10. d3 {[%clk 1:23:33]} O-O {[%clk 1:13:33]} 11. Bb2 {[%clk 1:22:45]}
Qg6 {[%clk 1:08:53]} 12. Nf3 {[%clk 1:18:25]} Bg4 {[%clk 1:00:26]} 13. h3
{[%clk 1:16:29]} Bd7 {[%clk 0:58:23]} 14. O-O {[%clk 1:15:56]} f5 {[%clk
0:50:26]} 15. d4 {[%clk 1:14:31]} e4 {[%clk 0:49:28]} 16. Ne1 {[%clk 1:14:23]}
Rae8 {[%clk 0:46:35]} 17. Nc2 {[%clk 1:13:56]} Ne7 {[%clk 0:42:46]} 18. c5
{[%clk 1:13:56]} Ba7 {[%clk 0:40:19]} 19. Qd2 {[%clk 1:12:57]} Bb5 {[%clk
0:38:43]} 20. Rfc1 {[%clk 1:13:00]} b6 {[%clk 0:38:12]} 21. cxd6 {[%clk
1:13:01]} cxd6 {[%clk 0:36:09]} 22. a4 {[%clk 1:13:20]} Ba6 {[%clk 0:36:01]}
23. b4 {[%clk 1:13:42]} axb4 {[%clk 0:33:27]} 24. Nxb4 {[%clk 1:13:59]} Bc8
{[%clk 0:33:01]} 25. d5 {[%clk 1:13:19]} Qh6 {[%clk 0:30:09]} 26. Qd4 {[%clk
1:12:43]} f4 {[%clk 0:27:30]} 27. exf4 {[%clk 1:12:48]} Nf5 {[%clk 0:27:47]}
28. Qc3 {[%clk 1:10:50]} e3 {[%clk 0:24:47]} 29. g4 {[%clk 1:04:25]} exf2+
{[%clk 0:23:09]} 30. Kh1 {[%clk 1:04:40]} Re3 {[%clk 0:21:17]} 31. gxf5 {[%clk
1:04:27]} Rxc3 {[%clk 0:21:04]} 32. Rxc3 {[%clk 1:04:51]} Bxf5 {[%clk 0:16:46]}
33. Rg3 {[%clk 1:03:56]} g6 {[%clk 0:15:47]} 34. Nc6 {[%clk 1:04:00]} Bb8
{[%clk 0:15:05]} 35. Ne7+ {[%clk 1:03:09]} Kf7 {[%clk 0:15:02]} 36. Nxf5 {[%clk
1:03:32]} gxf5 {[%clk 0:15:21]} 37. Rg7+ {[%clk 1:03:59]} Qxg7 {[%clk 0:15:44]}
38. Bxg7 {[%clk 1:04:21]} Kxg7 {[%clk 0:16:06]} 39. Ra2 {[%clk 1:01:57]} Rc8
{[%clk 0:16:13]} 40. Rxf2 {[%clk 1:02:20]} Rc4 {[%clk 0:16:14]} 41. Re2 {[%clk
1:01:24]} Bc7 42. Bf3 Rxf4 43. Bh5 1/2-1/2

[Event "DVM U16 2015"]
[Site "Lingen (Ems) GER"]
[Date "2015.12.30"]
[Round "7"]
[White "Böhning, Kilian"]
[Black "Ehmann, Thilo"]
[Result "0-1"]
[Termination "normal"]
[Board "2.1"]
[WhiteElo "2050"]
[BlackElo "2211"]
[WhiteClock "00:07:45"]
[BlackClock "00:30:33"]
[WhiteTeam "Hagener SV"]
[BlackTeam "SF Sasbach"]
[PlyCount "110"]
[WhiteFideId "1270499"]
[BlackFideId "12940968"]
[EventCountry "GER"]
[EventRounds "7"]
[EventType "team-swiss"]
[EventDate "2015.12.26"]

1. d4 {[%clk 1:30:58]} d5 {[%clk 1:30:57]} 2. c4 {[%clk 1:30:39]} e6 {[%clk
1:31:23]} 3. Nf3 {[%clk 1:31:03]} Nf6 {[%clk 1:31:42]} 4. e3 {[%clk 1:28:37]}
c5 {[%clk 1:31:23]} 5. a3 {[%clk 1:26:07]} cxd4 {[%clk 1:31:27]} 6. Nxd4 {[%clk
1:26:15]} Be7 {[%clk 1:31:19]} 7. Nd2 {[%clk 1:23:33]} O-O {[%clk 1:31:01]} 8.
Be2 {[%clk 1:22:30]} a6 {[%clk 1:24:13]} 9. b3 {[%clk 1:15:54]} b6 {[%clk
1:22:06]} 10. Bb2 {[%clk 1:15:39]} Bb7 {[%clk 1:22:31]} 11. O-O {[%clk
1:15:52]} Nbd7 {[%clk 1:21:28]} 12. Rc1 {[%clk 1:12:47]} dxc4 {[%clk 1:20:53]}
13. Nxc4 {[%clk 1:12:29]} b5 {[%clk 1:20:59]} 14. Nd2 {[%clk 1:12:33]} Nc5
{[%clk 1:19:18]} 15. Bf3 {[%clk 1:07:58]} Nd5 {[%clk 1:19:19]} 16. Qe2 {[%clk
1:01:27]} Qb6 {[%clk 1:18:58]} 17. g3 {[%clk 0:43:59]} Rac8 {[%clk 1:18:04]}
18. Ba1 {[%clk 0:42:20]} h6 {[%clk 1:16:16]} 19. Bxd5 {[%clk 0:34:28]} Bxd5
{[%clk 1:16:04]} 20. e4 {[%clk 0:34:50]} Bb7 {[%clk 1:15:31]} 21. b4 {[%clk
0:35:07]} Nd7 {[%clk 1:14:50]} 22. h3 {[%clk 0:32:49]} Rfd8 {[%clk 1:11:58]}
23. N4b3 {[%clk 0:30:08]} e5 {[%clk 1:09:24]} 24. Nf3 {[%clk 0:28:10]} Rxc1
{[%clk 1:01:45]} 25. Rxc1 {[%clk 0:28:15]} Rc8 {[%clk 1:01:52]} 26. Rxc8+
{[%clk 0:26:59]} Bxc8 {[%clk 1:02:06]} 27. Qd3 {[%clk 0:24:53]} Qd6 {[%clk
1:01:24]} 28. Qc2 {[%clk 0:24:27]} Nb6 {[%clk 0:58:23]} 29. Bxe5 {[%clk
0:22:30]} Qe6 {[%clk 0:58:49]} 30. Nbd4 {[%clk 0:21:18]} Qc4 {[%clk 0:58:33]}
31. Qxc4 {[%clk 0:18:16]} Nxc4 {[%clk 0:58:06]} 32. Nc2 {[%clk 0:16:24]} Bb7
{[%clk 0:51:54]} 33. Bf4 {[%clk 0:15:58]} Bxe4 {[%clk 0:52:13]} 34. Nfe1 {[%clk
0:16:22]} Bf6 {[%clk 0:50:39]} 35. Bc1 {[%clk 0:16:35]} Kf8 {[%clk 0:42:53]}
36. f3 {[%clk 0:16:58]} Bg6 {[%clk 0:42:44]} 37. Kf2 {[%clk 0:17:22]} Ke7
{[%clk 0:42:55]} 38. Ke2 {[%clk 0:17:27]} Kd6 {[%clk 0:42:51]} 39. Nd3 {[%clk
0:17:02]} Bc3 {[%clk 0:38:57]} 40. Ne3 {[%clk 0:14:32]} Nxe3 {[%clk 0:36:42]}
41. Bxe3 {[%clk 0:12:51]} Kd5 {[%clk 0:36:07]} 42. Bd2 {[%clk 0:08:45]} Bxd3+
{[%clk 0:28:17]} 43. Kxd3 {[%clk 0:07:38]} Bxd2 {[%clk 0:28:15]} 44. Kxd2
{[%clk 0:08:01]} Kc4 {[%clk 0:28:40]} 45. Kc2 {[%clk 0:08:14]} f5 {[%clk
0:28:33]} 46. f4 {[%clk 0:07:17]} h5 {[%clk 0:28:49]} 47. Kd2 {[%clk 0:06:54]}
Kb3 {[%clk 0:27:54]} 48. Kd3 {[%clk 0:07:12]} Kxa3 {[%clk 0:28:20]} 49. Kd4
{[%clk 0:07:18]} Kxb4 {[%clk 0:28:42]} 50. Ke5 {[%clk 0:07:44]} a5 {[%clk
0:28:51]} 51. Kxf5 {[%clk 0:08:05]} a4 {[%clk 0:29:08]} 52. Kg6 {[%clk
0:07:06]} a3 {[%clk 0:29:32]} 53. f5 {[%clk 0:07:23]} a2 {[%clk 0:29:58]} 54.
Kxg7 {[%clk 0:07:49]} a1=Q+ {[%clk 0:30:23]} 55. f6 {[%clk 0:07:45]} Qe5 {[%clk
0:30:33]} 0-1

[Event "DVM U16 2015"]
[Site "Lingen (Ems) GER"]
[Date "2015.12.30"]
[Round "7"]
[White "Riehle, Marco"]
[Black "Balazs, Balint"]
[Result "1-0"]
[Termination "normal"]
[Board "2.2"]
[WhiteElo "2171"]
[BlackElo "1931"]
[WhiteClock "01:14:50"]
[BlackClock "00:14:57"]
[WhiteTeam "SF Sasbach"]
[BlackTeam "Hagener SV"]
[PlyCount "49"]
[WhiteFideId "12904392"]
[BlackFideId "12922757"]
[EventCountry "GER"]
[EventRounds "7"]
[EventType "team-swiss"]
[EventDate "2015.12.26"]

1. e4 {[%clk 1:30:59]} g6 {[%clk 1:29:08]} 2. d4 {[%clk 1:30:57]} Bg7 {[%clk
1:29:31]} 3. c4 {[%clk 1:31:23]} c5 {[%clk 1:25:49]} 4. Ne2 {[%clk 1:30:02]}
cxd4 {[%clk 1:23:50]} 5. Nxd4 {[%clk 1:30:27]} Nc6 {[%clk 1:24:12]} 6. Be3
{[%clk 1:30:27]} d6 {[%clk 1:24:11]} 7. Nc3 {[%clk 1:30:01]} Nh6 {[%clk
1:21:45]} 8. Be2 {[%clk 1:28:53]} O-O {[%clk 1:19:34]} 9. Qd2 {[%clk 1:27:20]}
Ng4 {[%clk 1:17:09]} 10. Bxg4 {[%clk 1:27:16]} Bxg4 {[%clk 1:17:33]} 11. O-O
{[%clk 1:27:13]} Bd7 {[%clk 1:02:01]} 12. f3 {[%clk 1:25:32]} f5 {[%clk
0:58:58]} 13. exf5 {[%clk 1:25:28]} gxf5 {[%clk 0:52:51]} 14. Rfe1 {[%clk
1:23:00]} Ne5 {[%clk 0:34:19]} 15. b3 {[%clk 1:20:26]} f4 {[%clk 0:31:01]} 16.
Bxf4 {[%clk 1:15:50]} Rxf4 {[%clk 0:30:19]} 17. Qxf4 {[%clk 1:15:23]} Nd3
{[%clk 0:30:39]} 18. Qe3 {[%clk 1:13:45]} Nxe1 {[%clk 0:31:04]} 19. Rxe1 {[%clk
1:14:11]} Qb6 {[%clk 0:27:16]} 20. Rd1 {[%clk 1:14:23]} e5 {[%clk 0:19:24]} 21.
Nc2 {[%clk 1:14:31]} Bh6 {[%clk 0:14:11]} 22. Qxb6 {[%clk 1:14:14]} axb6 {[%clk
0:14:36]} 23. Rxd6 {[%clk 1:14:38]} Bf5 {[%clk 0:14:57]} 24. Rxh6 {[%clk
1:14:50]} Bxc2 {[%clk 0:14:57]} 25. Rxb6 1-0

[Event "DVM U16 2015"]
[Site "Lingen (Ems) GER"]
[Date "2015.12.30"]
[Round "7"]
[White "Laubrock, Paul"]
[Black "Zimmer, Raphael"]
[Result "0-1"]
[Termination "normal"]
[Board "2.3"]
[WhiteElo "1980"]
[BlackElo "2049"]
[WhiteClock "00:04:04"]
[BlackClock "00:05:38"]
[WhiteTeam "Hagener SV"]
[BlackTeam "SF Sasbach"]
[PlyCount "98"]
[WhiteFideId "1270509"]
[BlackFideId "12978841"]
[EventCountry "GER"]
[EventRounds "7"]
[EventType "team-swiss"]
[EventDate "2015.12.26"]

1. d4 {[%clk 1:30:57]} d5 {[%clk 1:30:56]} 2. e3 {[%clk 1:30:54]} e6 {[%clk
1:31:05]} 3. Bd3 {[%clk 1:31:15]} c5 {[%clk 1:31:23]} 4. c3 {[%clk 1:31:40]}
Nc6 {[%clk 1:31:39]} 5. f4 {[%clk 1:31:04]} Bd6 {[%clk 1:31:31]} 6. Nf3 {[%clk
1:31:16]} f5 {[%clk 1:31:43]} 7. O-O {[%clk 1:29:53]} Nf6 {[%clk 1:31:51]} 8.
Ne5 {[%clk 1:28:38]} O-O {[%clk 1:31:56]} 9. Nd2 {[%clk 1:24:51]} Bxe5 {[%clk
1:31:28]} 10. dxe5 {[%clk 1:22:45]} Ne4 {[%clk 1:31:33]} 11. Nf3 {[%clk
1:19:30]} h6 {[%clk 1:29:27]} 12. c4 {[%clk 1:12:46]} b6 {[%clk 1:26:54]} 13.
b3 {[%clk 1:08:34]} Nb4 {[%clk 1:24:18]} 14. Ba3 {[%clk 0:59:28]} a5 15. Bxb4
{[%clk 0:53:42]} axb4 {[%clk 1:22:35]} 16. cxd5 {[%clk 0:52:13]} Nc3 {[%clk
1:21:41]} 17. Qc1 {[%clk 0:50:37]} Nxd5 {[%clk 1:21:05]} 18. Bc4 {[%clk
0:49:43]} Nc3 {[%clk 1:20:00]} 19. a4 {[%clk 0:47:41]} Ra7 {[%clk 0:59:49]} 20.
Rf2 {[%clk 0:40:52]} Bd7 {[%clk 0:52:20]} 21. Rd2 {[%clk 0:38:18]} Qc7 {[%clk
0:50:00]} 22. Rd6 {[%clk 0:33:42]} Rfa8 {[%clk 0:46:36]} 23. Qd2 {[%clk
0:25:55]} Kf7 {[%clk 0:42:06]} 24. Qc2 {[%clk 0:22:50]} g6 {[%clk 0:38:14]} 25.
Re1 {[%clk 0:20:28]} Ne4 {[%clk 0:27:18]} 26. Rd3 {[%clk 0:17:52]} Rg8 {[%clk
0:20:43]} 27. Red1 {[%clk 0:17:20]} Bc8 {[%clk 0:20:23]} 28. Nh4 {[%clk
0:15:20]} Kg7 {[%clk 0:18:51]} 29. Bb5 {[%clk 0:10:30]} Qe7 {[%clk 0:18:01]}
30. Nf3 {[%clk 0:10:38]} g5 {[%clk 0:17:30]} 31. Nd2 {[%clk 0:08:35]} Nc3
{[%clk 0:16:57]} 32. Re1 {[%clk 0:08:22]} Kh8 {[%clk 0:14:24]} 33. Nc4 {[%clk
0:07:30]} gxf4 {[%clk 0:12:51]} 34. exf4 {[%clk 0:07:37]} Qh4 {[%clk 0:12:16]}
35. Qf2 {[%clk 0:04:55]} Qxf2+ 36. Kxf2 {[%clk 0:05:12]} Nxb5 {[%clk 0:11:48]}
37. axb5 {[%clk 0:05:29]} Bd7 {[%clk 0:11:56]} 38. Nxb6 {[%clk 0:04:08]} Ra2+
{[%clk 0:11:35]} 39. Re2 {[%clk 0:03:47]} Rxe2+ {[%clk 0:11:48]} 40. Kxe2
{[%clk 0:04:13]} Bxb5 {[%clk 0:12:08]} 41. Nc4 {[%clk 0:04:40]} Rxg2+ {[%clk
0:11:53]} 42. Kd1 {[%clk 0:04:05]} Bxc4 {[%clk 0:10:05]} 43. bxc4 {[%clk
0:04:30]} Rf2 {[%clk 0:09:33]} 44. Rd8+ {[%clk 0:04:21]} Kg7 {[%clk 0:09:47]}
45. Rc8 {[%clk 0:04:38]} Rxf4 {[%clk 0:05:59]} 46. Rxc5 {[%clk 0:04:57]} Re4
{[%clk 0:05:26]} 47. Rc8 {[%clk 0:04:11]} f4 {[%clk 0:05:04]} 48. c5 {[%clk
0:03:38]} f3 {[%clk 0:05:24]} 49. Rc7+ {[%clk 0:04:04]} Kg6 {[%clk 0:05:38]}
0-1

[Event "DVM U16 2015"]
[Site "Lingen (Ems) GER"]
[Date "2015.12.30"]
[Round "7"]
[White "Schneider, Edward"]
[Black "Hoppe, Andreas"]
[Result "0-1"]
[Termination "normal"]
[Board "2.4"]
[WhiteElo "1617"]
[BlackElo "1901"]
[WhiteClock "00:00:39"]
[BlackClock "00:05:20"]
[WhiteTeam "SF Sasbach"]
[BlackTeam "Hagener SV"]
[PlyCount "78"]
[WhiteFideId "16200870"]
[BlackFideId "12922811"]
[EventCountry "GER"]
[EventRounds "7"]
[EventType "team-swiss"]
[EventDate "2015.12.26"]

1. e4 {[%clk 1:30:58]} e6 {[%clk 1:30:54]} 2. c4 {[%clk 1:31:18]} Ne7 {[%clk
1:30:19]} 3. Nc3 {[%clk 1:26:56]} c6 {[%clk 1:29:23]} 4. Nf3 {[%clk 1:23:32]}
d5 {[%clk 1:29:16]} 5. cxd5 {[%clk 1:20:12]} cxd5 {[%clk 1:28:59]} 6. exd5
{[%clk 1:18:22]} Nxd5 {[%clk 1:29:03]} 7. d4 {[%clk 1:09:44]} Nc6 {[%clk
1:27:47]} 8. Bb5 {[%clk 1:05:43]} Qa5 {[%clk 1:21:45]} 9. Qd3 {[%clk 1:01:29]}
Nxc3 {[%clk 1:12:24]} 10. bxc3 {[%clk 0:59:41]} Bd7 {[%clk 1:12:03]} 11. Bc4
{[%clk 0:52:14]} Bd6 {[%clk 1:09:41]} 12. O-O {[%clk 0:49:03]} a6 {[%clk
1:06:25]} 13. Re1 {[%clk 0:45:32]} O-O {[%clk 0:44:18]} 14. Ng5 {[%clk
0:42:25]} g6 {[%clk 0:43:27]} 15. Qh3 {[%clk 0:38:26]} h5 {[%clk 0:42:26]} 16.
Be2 {[%clk 0:25:46]} Be7 {[%clk 0:39:36]} 17. Qg3 {[%clk 0:20:31]} Nxd4 {[%clk
0:32:43]} 18. Bxh5 {[%clk 0:13:37]} Nf5 {[%clk 0:32:20]} 19. Qh3 {[%clk
0:11:24]} Bxg5 {[%clk 0:30:51]} 20. Bxg5 {[%clk 0:10:50]} Ng7 {[%clk 0:30:18]}
21. Bxg6 {[%clk 0:03:52]} fxg6 {[%clk 0:30:40]} 22. Qh6 {[%clk 0:03:08]} Qf5
{[%clk 0:30:07]} 23. f4 {[%clk 0:02:51]} Bc6 {[%clk 0:23:08]} 24. Re2 {[%clk
0:02:04]} Kf7 {[%clk 0:20:46]} 25. Qh4 {[%clk 0:01:26]} Rh8 {[%clk 0:19:15]}
26. Qg3 {[%clk 0:01:10]} Nh5 {[%clk 0:15:51]} 27. Qf2 {[%clk 0:01:10]} Nf6
{[%clk 0:13:10]} 28. Re5 {[%clk 0:01:07]} Qd3 {[%clk 0:13:02]} 29. Bxf6 {[%clk
0:01:03]} Kxf6 {[%clk 0:13:06]} 30. Rae1 {[%clk 0:01:13]} Bd5 {[%clk 0:12:02]}
31. Qb6 {[%clk 0:01:10]} Qc4 {[%clk 0:10:21]} 32. Qf2 {[%clk 0:01:11]} Rac8
{[%clk 0:09:02]} 33. Qg3 {[%clk 0:01:23]} Qc5+ {[%clk 0:08:10]} 34. Kh1 {[%clk
0:01:27]} Qxc3 {[%clk 0:07:27]} 35. Qg5+ {[%clk 0:01:03]} Kf7 {[%clk 0:07:43]}
36. f5 {[%clk 0:00:58]} gxf5 {[%clk 0:04:17]} 37. Rxf5+ {[%clk 0:00:55]} exf5
{[%clk 0:04:39]} 38. Re7+ {[%clk 0:01:09]} Kf8 {[%clk 0:04:58]} 39. Qxf5+
{[%clk 0:00:39]} Kxe7 {[%clk 0:05:20]} 0-1